DIGITAL COMPOSITING FOR FILM AND VIDEO (Record no. 34663)

MARC details
000 -LEADER
fixed length control field 00271nam a22001217a 4500
003 - CONTROL NUMBER IDENTIFIER
control field SGT
082 ## - DEWEY DECIMAL CLASSIFICATION NUMBER
Classification number 741.6
Item number WRI
100 ## - MAIN ENTRY--PERSONAL NAME
Personal name WRIGHT STEVE
245 ## - TITLE STATEMENT
Title DIGITAL COMPOSITING FOR FILM AND VIDEO
260 ## - PUBLICATION, DISTRIBUTION, ETC. (IMPRINT)
Place of publication, distribution, etc U.K
Name of publisher, distributor, etc RAUTLEDGE PUB
Year of Publication 2024
300 ## - PAGE DESCRIPTION
No. of Pages 527
942 ## - ADDED ENTRY ELEMENTS (KOHA)
Source of classification or shelving scheme Dewey Decimal Classification
Koha item type Books
Holdings
Withdrawn status Lost status Source of classification or shelving scheme Damaged status Not for loan Home library Current library Shelving location Date acquired Vendor Name Cost, normal purchase price SGTU Bill Number Total Checkouts Full call number Accession No. (Barcode) Date last seen Bill Date Koha item type
    Dewey Decimal Classification   Not For Loan SGT Science & Social Sciences Library SGT Science & Social Sciences Library Reference Book 25/04/2026 ZAFAA BOOKS 9733.15 SGTU ZBD-2026-27-0010   741.6 WRI FF930 25/04/2026 10/04/2026 Books